One direction - I would (all lyrics) - Statistics

General Stats
  • This quiz has been taken 222 times
  • The average score is 236 of 257
Answer Stats
Answer % Correct
I
100%
he
99%
would
99%
a
98%
in
98%
L-O-V-E
98%
love
98%
me
98%
he's
97%
if
97%
say
97%
that
97%
then
97%
was
97%
you
97%
it
96%
my
96%
to
96%
we
96%
the
95%
your
95%
baby
94%
with
94%
got
93%
kiss
93%
know
93%
on
93%
should
93%
you're
93%
boyfriend
92%
feeling
92%
head
92%
hold
92%
I'm
92%
thing
92%
when
92%
back
90%
like
90%
low
90%
well
90%
were
90%
but
89%
kissing
89%
tattoos
89%
morning
88%
school
88%
can't
87%
drives
87%
rain
87%
seven
87%
twenty
87%
alone
86%
look
86%
walk
86%
while
86%
already
85%
brain
85%
every
85%
one
85%
alright
84%
compete
84%
reality
84%
that's
84%
took
84%
'cause
83%
going
83%
life
83%
thought
83%
up
83%
you've
83%
kick
82%
things
82%
kill
81%
saying
81%
without
81%
any
80%
warning
80%
sign
79%
lose
78%
ruined
78%
and
77%
game
76%
playing
76%
thinking
76%
feels
75%
about
74%
constantly
74%
dreaming
74%
found
74%
he'd
74%
myself
74%
destined
73%
lately
73%
lot
72%
been
69%
touch
69%
please
67%
treat
63%
need
61%
I would
7%
No matching quizzes found
Score Distribution
Percent of People with Each Score
Percentile by Number Answered
Your Score History
You have not taken this quiz